Normal view MARC view
  • hooks, bell,

Entry Nombre Personal

Number of records used in: 3

001 - NUMERO DE CONTROL

  • campo de control: 48032

003 - IDENTIFICADOR DE NUMERO DE CONTROL

  • campo de control: MX-MxUPN

005 - FECHA Y HORA DE LA ÜLTIMA TRANSACCIÓN

  • campo de control: 20230303140355.0

008 - DATOS DE LONGITUD FIJA

  • campo de control de longitud fija: 230303|| aca||aabn | a|a d

040 ## - FUENTE DE CATALOGACIÓN

  • Agencia original de catalogación: MX-MxUPN
  • Lenguaje de catalogación: spa
  • Agencia de transcripción: MX-MxUPN

046 ## - FECHAS CON CODIFICACIÓN ESPECIAL

  • Fecha de nacimiento: 1952
  • Fecha de muerte: 2021

100 1# - ENCABEZAMIENTO - NOMBRE PERSONAL

  • Nombre personal: hooks, bell,
  • Fechas asociadas con el nombre: 1952-2021

370 ## - LUGAR ASOCIADO

  • Place of birth: Hopkinsville (Estados Unidos)
  • Place of death: Kentucky (Estados Unidos)

372 ## - CAMPO DE ACTIVIDAD

  • Field of activity: Feminismo
  • Field of activity: Grupos étnicos

373 ## - GRUPO ASOCIADO

  • Associated group: University of Southern California
  • Fuente del término: naf

374 ## - OCUPACIÓN

  • Occupation: Profesora universitaria

377 ## - LENGUA ASOCIADA

  • Language code: eng

400 1# - VEÁSE - NOMBRE DE PERSONA

  • Personal name: Watkins, Gloria Jean,
  • Dates associated with a name: 1952-2021

400 0# - VEÁSE - NOMBRE DE PERSONA

  • Personal name: bell hooks,
  • Dates associated with a name: 1952-2021

670 ## - FUENTE EN LA QUE SE LOCALIZARON DATOS

  • Cita de la fuente: Enseñar a transgredir : la educación como práctica de la libertad, 2021:
  • Información localizada: portada (Bell Hooks, Hopkinsville, 1952; escritora, feminista y activista social estadounidense; el enfoque de la escritura de Hooks ha sido la interseccionalidad entre raza, clase y género; fue profesora de inglés y de estudios étnicos en la Universidad del Sur de California)

670 ## - FUENTE EN LA QUE SE LOCALIZARON DATOS

  • Cita de la fuente: Wikipedia, 3 marzo 2023:
  • Información localizada: (Gloria Jean Watkins (Hopkinsville, Kentucky; 25 de septiembre de 1952-Berea, Kentucky; 15 de diciembre de 2021),1conocida como bell hooks; fue una escritora y activista social feminista estadounidense)
  • Uniform Resource Identifier: https://es.wikipedia.org/wiki/Bell_hooks

902 ## - CATALOGADOR

  • Catalogador: Víctor Ruiz/030323